[Event "31. DSenEM2019 Gruppe 50+"]
[Site "Radebeul"]
[Date "2019.04.26"]
[Round "1.1"]
[White "Pirrot, Dieter"]
[Black "Pichler, Manfred, Dr."]
[Result "0-1"]
[BlackElo "2017"]
[BlackTeam "USV Halle"]
[WhiteElo "2334"]
[WhiteTeam "SV Hofheim"]

1. Nf3 Nf6 2. g3 g6 3. Bg2 Bg7 4. O-O O-O 5. c4 d5 6. cxd5 Nxd5 7. Nc3 c5 8.
Nxd5 Qxd5 9. d3 Nc6 10. Ng5 Qd7 11. Rb1 h6 12. Ne4 b6 13. Be3 Bb7 14. Qa4 Rad8
15. Bxc5 f5 16. Qb3+ Kh7 17. Be3 fxe4 18. dxe4 Nd4 19. Bxd4 Qxd4 20. Qe6 Qe5
21. Qc4 Rd4 22. Qc3 Rc8 23. Qa3 Bxe4 24. Bxe4 Rxe4 25. e3 Rc7 26. b3 Qc5 27. b4
Qc3 28. Rb3 Qc2 29. Rbb1 Rec4 30. Qa6 Qf5 31. b5 Qf3 32. Qa3 h5 33. h4 R7c5 34.
Rb4 Rxb4 35. Qxb4 Be5  0-1

[Event "31. DSenEM2019 Gruppe 50+"]
[Site "Radebeul"]
[Date "2019.04.26"]
[Round "1.3"]
[White "Nekrasov, Mihail"]
[Black "Steiger, Michael"]
[Result "1-0"]
[BlackElo "1982"]
[BlackTeam "SC Kreuzberg"]
[WhiteElo "2277"]
[WhiteTeam "SV Hockenheim"]

1. e4 c5 2. Nf3 d6 3. d4 Nf6 4. Bb5+ Bd7 5. Bxd7+ Qxd7 6. e5 dxe5 7. dxe5 Nd5 8.
O-O e6 9. Qe2 Be7 10. Rd1 Qc7 11. c4 Nb4 12. Nc3 a6 13. Bf4 O-O 14. Ne4 Nd7 15.
g3 Rfd8 16. Nf6+ Kh8 17. Ng5 Nf8 18. Nxf7#  1-0

[Event "31. DSenEM2019 Gruppe 50+"]
[Site "Radebeul"]
[Date "2019.04.26"]
[Round "1.7"]
[White "Seils, Ralf"]
[Black "Mueller, Michael"]
[Result "0-1"]
[BlackElo "2163"]
[BlackTeam "SC Viernheim"]
[EventDate "2019.??.??"]
[PlyCount "162"]
[WhiteElo "1954"]
[WhiteTeam "SF Nordost Berlin"]

1. b4 d5 2. Bb2 Nf6 3. e3 Bf5 4. b5 e6 5. Nf3 Bd6 6. Be2 h6 7. O-O Nbd7 8. c4
O-O 9. Nc3 c6 10. bxc6 bxc6 11. Nd4 Bxh2+ 12. Kxh2 Qb8+ 13. Kg1 Qxb2 14. Nxc6
Qa3 15. Nb5 Qc5 16. cxd5 Bc2 17. Qc1 Nxd5 18. Nbd4 Bh7 19. Qb2 e5 20. Rfc1 Qb6
21. Qxb6 axb6 22. Nb5 Rfe8 23. d4 exd4 24. Ncxd4 N7f6 25. Rc6 Reb8 26. a3 Nb4
27. Rc7 Nbd5 28. Rc6 Rd8 29. Rac1 Bg6 30. Bf3 Kh7 31. Ra1 Ra4 32. Nd6 Rb8 33.
N4b5 Bd3 34. Nd4 b5 35. Rc5 Ne7 36. Nxf7 Ng6 37. Nc6 Rc8 38. Nd6 Rc7 39. Rc3
Ne5 40. Rac1 Nxc6 41. Rxd3 Ne5 42. Rxc7 Nxd3 43. Rc3 Ne5 44. Be2 b4 45. axb4
Ra1+ 46. Bf1 Rd1 47. Nf5 Ne4 48. Rc2 Nd2 49. Rxd2 Rxd2 50. Ng3 Rd1 51. f3 g6
52. Kf2 Rd2+ 53. Ke1 Rb2 54. b5 Nd7 55. Bd3 Rxg2 56. Ne4 Rb2 57. Ng3 Kg7 58.
Ne2 Ne5 59. Be4 Rxb5 60. Kf2 Rb2 61. f4 Nc4 62. Bd5 Nb6 63. Bf3 Kf6 64. Kg3 g5
65. Nc3 Nc4 66. Nd5+ Kg7 67. f5 Ne5 68. Bh5 Nd7 69. Bg6 Nf6 70. Nc7 h5 71. Ne6+
Kh6 72. Nd8 Rb4 73. Nf7+ Kg7 74. Nd6 h4+ 75. Kh3 Rb3 76. Nf7 Rxe3+ 77. Kh2 Ng4+
78. Kg2 Rg3+ 79. Kh1 h3 80. Nxg5 Nf2+ 81. Kh2 Rg2#  0-1

[Event "31. DSenEM2019 Gruppe 50+"]
[Site "Radebeul"]
[Date "2019.04.26"]
[Round "1.8"]
[White "Stahr, Ralf-Peter"]
[Black "Wagner, Bernd"]
[Result "1-0"]
[BlackElo "1948"]
[BlackTeam "Aufbau Bernburg"]
[EventDate "2019.??.??"]
[PlyCount "101"]
[WhiteElo "2160"]
[WhiteTeam "Hohenleipischer SV Lok"]

1. c4 e5 2. Nc3 Nf6 3. Nf3 Nc6 4. e3 Be7 5. d4 exd4 6. exd4 d5 7. cxd5 Nxd5 8.
Bb5 Qd6 9. O-O O-O 10. Ne4 Qg6 11. Ng3 a6 12. Bd3 Qd6 13. Ne4 Qd8 14. h3 Bf5
15. a3 Bg6 16. Nc5 Bxd3 17. Qxd3 b6 18. Ne4 h6 19. Bd2 Qd7 20. Rac1 Nd8 21. Ne5
Qb5 22. Qc2 Ne6 23. Nc6 Rfe8 24. a4 Qe2 25. Rfe1 Qh5 26. Ng3 Qh4 27. Nf5 Qf6
28. Qe4 Rad8 29. Nxd8 Rxd8 30. Bc3 Bb4 31. Ne3 Nxc3 32. bxc3 Bd6 33. Qf5 Qxf5
34. Nxf5 Bf4 35. Rcd1 h5 36. h4 c6 37. Ne7+ Kf8 38. Nxc6 Rc8 39. d5 Nc5 40. Rd4
Bd6 41. Rb1 Nd7 42. a5 Bc5 43. Rd3 b5 44. Nb4 Ne5 45. Rdd1 Ng4 46. Rb2 Ke7 47.
Nxa6 Nxf2 48. Re1+ Kd6 49. Nxc5 Nh3+ 50. gxh3 Rxc5 51. Ra1  1-0

[Event "31. DSenEM2019 Gruppe 50+"]
[Site "Radebeul"]
[Date "2019.04.26"]
[Round "1.9"]
[White "Noack, Mario"]
[Black "Loew, Gerald"]
[Result "0-1"]
[BlackElo "2157"]
[BlackTeam "TSV Bindlach Aktionär"]
[EventDate "2019.??.??"]
[PlyCount "86"]
[WhiteElo "1944"]
[WhiteTeam "SC Großröhrsdorf"]

1. c4 e5 2. g3 d6 3. Bg2 f5 4. e3 Nf6 5. Ne2 Be7 6. Nbc3 O-O 7. O-O c6 8. d4 Kh8
9. b3 Qe8 10. Bb2 Qh5 11. Nc1 Qh6 12. Nd3 e4 13. Nf4 g5 14. Nfe2 d5 15. cxd5
cxd5 16. Nb5 Nc6 17. Ba3 a6 18. Bxe7 Nxe7 19. Nbc3 Ng6 20. Qd2 Be6 21. Na4 Rae8
22. Rac1 Bd7 23. Rc5 Bb5 24. Nac3 b6 25. Nxb5 bxc5 26. Nd6 f4 27. Nxe8 Rxe8 28.
exf4 gxf4 29. gxf4 Ng4 30. h3 Nxf2 31. Qe3 Nd3 32. dxc5 Nh4 33. Qd4+ Qg7 34.
Qxg7+ Kxg7 35. c6 Kf6 36. Nd4 Rg8 37. Rf2 Nxf2 38. Kxf2 Rxg2+ 39. Kf1 Rg7 40.
b4 Nf3 41. Nxf3 exf3 42. a4 Ke6 43. Kf2 Kd6  0-1

[Event "31. DSenEM2019 Gruppe 50+"]
[Site "Radebeul"]
[Date "2019.04.26"]
[Round "1.10"]
[White "Koehler, Gerhard"]
[Black "Siggelkow, Axel"]
[Result "1-0"]
[BlackElo "1933"]
[BlackTeam "BSV Chemie Radebeul"]
[EventDate "2019.??.??"]
[PlyCount "111"]
[WhiteElo "2153"]
[WhiteTeam "USV Halle"]

1. c4 b6 2. Nc3 c5 3. Nf3 Nf6 4. g3 Bb7 5. Bg2 e6 6. O-O Be7 7. d4 cxd4 8. Qxd4
O-O 9. Bf4 Nc6 10. Qd2 d5 11. cxd5 Nxd5 12. Nxd5 exd5 13. Rfd1 Bf6 14. Rac1 Qe7
15. Bg5 Rfe8 16. Bxf6 Qxf6 17. e3 Rac8 18. b3 Red8 19. Rc3 g6 20. Rd3 Ne5 21.
Nxe5 Qxe5 22. h4 Rc7 23. e4 d4 24. Rxd4 Rxd4 25. Qxd4 Qxd4 26. Rxd4 Kf8 27. Rd2
Ke7 28. f3 Bc8 29. Kf2 Be6 30. Bf1 Rc3 31. Bd3 Rc1 32. Rc2 Ra1 33. f4 Kd8 34.
f5 Bd7 35. a4 a5 36. f6 Be6 37. Bc4 Bxc4 38. Rxc4 Rb1 39. Rd4+ Kc7 40. Rd3 Rc1
41. Ke3 Rc6 42. e5 b5 43. g4 bxa4 44. bxa4 Rc1 45. Rd5 Rc3+ 46. Kd4 Rg3 47.
Rxa5 Rxg4+ 48. Kd5 Rxh4 49. Ra7+ Kd8 50. Rxf7 Rxa4 51. Rf8+ Kc7 52. f7 Ra5+ 53.
Ke6 Ra6+ 54. Ke7 Ra7 55. e6 h5 56. Rh8  1-0

[Event "31. DSenEM2019 Gruppe 50+"]
[Site "Radebeul"]
[Date "2019.04.26"]
[Round "1.11"]
[White "Kaiser, Sebastian"]
[Black "Schatz, Christian"]
[Result "0-1"]
[BlackElo "2150"]
[BlackTeam "SV Würzburg"]
[EventDate "2019.??.??"]
[PlyCount "150"]
[WhiteElo "1920"]
[WhiteTeam "SC Großröhrsdorf"]

1. d4 Nf6 2. Nf3 g6 3. c4 Bg7 4. Nc3 O-O 5. e4 d6 6. Be2 c5 7. O-O cxd4 8. Nxd4
Nc6 9. Be3 Bd7 10. Rb1 Nxd4 11. Bxd4 Bc6 12. f3 a5 13. Nd5 Bxd5 14. cxd5 Nd7
15. Be3 Nc5 16. g3 Rc8 17. Kg2 Qd7 18. Bd4 Qa4 19. Bxc5 Qxd1 20. Rfxd1 Rxc5 21.
Bd3 Rfc8 22. Kf2 a4 23. Ke2 b5 24. f4 b4 25. b3 a3 26. Bc4 Rxc4 27. bxc4 Rxc4
28. Ke3 Bb2 29. Kd3 Rd4+ 30. Kc2 Rxe4 31. Rd2 Bc3 32. Rf2 Re3 33. Rg2 h5 34.
Rd1 f5 35. Rd3 Re1 36. Rd1 Re4 37. Rd3 Kf7 38. Kb3 Re1 39. Rxc3 Rb1+ 40. Kc4
bxc3 41. Kxc3 Rd1 42. Rd2 Rb1 43. Re2 Rb7 44. Rd2 Kf6 45. Kc2 Rb2+ 46. Kc3 Rb1
47. Kc2 Rb6 48. Kc3 h4 49. Kc2 Rb2+ 50. Kc3 hxg3 51. hxg3 Rb1 52. Kc2 Rb6 53.
Kc3 g5 54. Kc4 Rb2 55. Kc3 Rb1 56. Kc2 Rb6 57. Kc3 g4 58. Kc4 Rb2 59. Kc3 Rb1
60. Kc4 Rb2 61. Kc3 Rxd2 62. Kxd2 e5 63. dxe6 Kxe6 64. Kc3 Kd5 65. Kb3 Ke4 66.
Kxa3 Kf3 67. Kb4 Kxg3 68. a4 Kf2 69. a5 g3 70. a6 g2 71. a7 g1=Q 72. a8=Q Qb1+
73. Kc3 Qe4 74. Qf8 Qe3+ 75. Kc4 Qxf4+  0-1

[Event "31. DSenEM2019 Gruppe 50+"]
[Site "Radebeul"]
[Date "2019.04.26"]
[Round "1.12"]
[White "Schulze, Andreas"]
[Black "Lehr, Thomas"]
[Result "1-0"]
[BlackElo "1902"]
[BlackTeam "Husumer SV"]
[EventDate "2019.??.??"]
[PlyCount "65"]
[WhiteElo "2135"]
[WhiteTeam "TG Biberach"]

1. e4 d5 2. exd5 Qxd5 3. Nc3 Qd6 4. d4 Nf6 5. h3 c6 6. Nf3 Nbd7 7. Bd3 g6 8. O-O
Bg7 9. Ne2 e6 10. Bf4 Qe7 11. c4 b6 12. Nc3 O-O 13. a4 a5 14. Qc2 Ba6 15. Rfe1
Rfc8 16. Rad1 Qf8 17. Bf1 Bh6 18. Bh2 Re8 19. Ne5 Bb7 20. Nxd7 Nxd7 21. Ne4 Ra7
22. Nd6 Rd8 23. Qb3 Ba8 24. Qf3 Bg5 25. Ne4 Be7 26. Qe3 Nf6 27. Nxf6+ Bxf6 28.
d5 cxd5 29. Qxb6 Rdd7 30. cxd5 Bxd5 31. Rxd5 exd5 32. Qxf6 Qd8 33. Qd4  1-0

[Event "31. DSenEM2019 Gruppe 50+"]
[Site "Radebeul"]
[Date "2019.04.26"]
[Round "1.13"]
[White "Schoettker, Jochen"]
[Black "Proschmann, Tino"]
[Result "1/2-1/2"]
[BlackElo "2116"]
[BlackTeam "SC Großröhrsdorf"]
[EventDate "2019.??.??"]
[PlyCount "107"]
[WhiteElo "1896"]
[WhiteTeam "SC Northeim"]

1. b4 e5 2. a3 d5 3. Bb2 Bd6 4. e3 Nf6 5. Nf3 Qe7 6. d4 Nbd7 7. c4 dxc4 8. Bxc4
O-O 9. h3 e4 10. Nfd2 Nb6 11. Be2 Nfd5 12. Nc3 Nxc3 13. Bxc3 Nd5 14. Bb2 f5 15.
Qb3 Be6 16. Bc4 c6 17. g3 g5 18. h4 b5 19. Bxd5 Bxd5 20. Qd1 f4 21. gxf4 gxf4
22. Qg4+ Kh8 23. O-O-O a5 24. bxa5 Rxa5 25. Nb1 fxe3 26. fxe3 Rf2 27. Qc8+ Qf8
28. Qxf8+ Rxf8 29. Rdf1 Raa8 30. Kd2 b4 31. axb4 Bxb4+ 32. Kc2 Rxf1 33. Rxf1
Kg7 34. Rf5 Kg6 35. Rg5+ Kh6 36. Nc3 Rd8 37. Rg4 Be6 38. Rf4 Be7 39. Nxe4 Rf8
40. Rxf8 Bxf8 41. Ng5 Bd7 42. e4 Kg6 43. Kd3 Bg4 44. d5 cxd5 45. exd5 h6 46.
Ne4 Be7 47. d6 Bxh4 48. Nc5 Bf5+ 49. Ke3 Bg5+ 50. Kf3 Kf7 51. Be5 Ke8 52. Ne4
Bd8 53. Kf4 Bc8 54. Nf6+  1/2-1/2

[Event "31. DSenEM2019 Gruppe 50+"]
[Site "Radebeul"]
[Date "2019.04.26"]
[Round "1.14"]
[White "Dehn, Marcus"]
[Black "Krien, Hartmut"]
[Result "1/2-1/2"]
[BlackElo "1853"]
[BlackTeam "SK Heidenau"]
[EventDate "2019.??.??"]
[PlyCount "120"]
[WhiteElo "2110"]
[WhiteTeam "SV KS Braunschweig"]

1. d4 Nf6 2. Nf3 g6 3. Bf4 Bg7 4. e3 O-O 5. Be2 Nh5 6. Bg5 c5 7. c3 Nc6 8. Nfd2
cxd4 9. Bxh5 dxc3 10. Nxc3 Qa5 11. Bxe7 Nxe7 12. Bf3 d5 13. O-O Bxc3 14. Nb3
Qb6 15. bxc3 Be6 16. Nd4 Rac8 17. Rb1 Qc7 18. Qb3 b6 19. Qa3 Nc6 20. Nxc6 Qxc6
21. Rfc1 Qd7 22. Rb4 Rc7 23. Rd4 Qb5 24. h4 h5 25. g3 Rfc8 26. Kg2 Qc5 27. Qa6
Qe7 28. Ra4 Kg7 29. Rd1 Qc5 30. Qd3 b5 31. Ra5 Rb8 32. a4 Qxc3 33. Qxc3+ Rxc3
34. axb5 Rc5 35. Be2 Rb7 36. Rda1 Rcc7 37. Bf3 Rb6 38. Rxa7 Rxa7 39. Rxa7 Rxb5
40. Ra4 Kf6 41. Rd4 Ke5 42. Rd2 Rc5 43. Bd1 Ra5 44. f4+ Kf6 45. Bf3 Rc5 46. Kf2
Ra5 47. Ke1 Ra1+ 48. Ke2 Ra5 49. Rc2 Ke7 50. Kd2 Kd6 51. Ke1 Ra1+ 52. Kf2 Ra5
53. Rd2 Rc5 54. e4 f6 55. f5 gxf5 56. exd5 Bxd5 57. Bxh5 Ke5 58. Re2+ Be4 59.
Bf3 Rc2 60. Rxc2 Bxc2  1/2-1/2

[Event "31. DSenEM2019 Gruppe 50+"]
[Site "Radebeul"]
[Date "2019.04.26"]
[Round "1.15"]
[White "Sand, Rosemarie"]
[Black "Wenner, Tobias"]
[Result "0-1"]
[BlackElo "2108"]
[BlackTeam "Sges Bensheim"]
[EventDate "2019.??.??"]
[PlyCount "62"]
[WhiteElo "1819"]
[WhiteTeam "SF Pfullingen"]

1. d4 Nf6 2. c4 g6 3. g3 Bg7 4. Bg2 O-O 5. Nf3 d6 6. O-O Nc6 7. Nc3 e5 8. d5 Nb8
9. e4 a5 10. h3 Na6 11. Be3 b6 12. Qd2 Nc5 13. Ne1 Nh5 14. Nd3 Nxd3 15. Qxd3 f5
16. Bd2 Bd7 17. Rac1 Nf6 18. f4 fxe4 19. Nxe4 Nxe4 20. Qxe4 exf4 21. gxf4 Bf5
22. Qe3 Bxb2 23. Rce1 Re8 24. Qg3 Qf6 25. Rxe8+ Rxe8 26. Re1 Rxe1+ 27. Qxe1 Kf7
28. Kh2 Qd4 29. Qe2 Qd3 30. Bf1 Qxe2+ 31. Bxe2 Bb1  0-1

[Event "31. DSenEM2019 Gruppe 50+"]
[Site "Radebeul"]
[Date "2019.04.26"]
[Round "1.16"]
[White "Schmidt, Gerhard"]
[Black "Wulff, Jens-Peter"]
[Result "1-0"]
[BlackElo "1809"]
[BlackTeam "SV Grevesmühlen"]
[EventDate "2019.??.??"]
[PlyCount "51"]
[WhiteElo "2077"]
[WhiteTeam "SV Kreuztal"]

1. Nf3 c6 2. c4 g6 3. d4 Bg7 4. Nc3 d6 5. e4 Nh6 6. h3 f6 7. Be2 Bd7 8. O-O Na6
9. Be3 Nf7 10. b4 Nxb4 11. Rb1 a5 12. a3 Na6 13. Rxb7 Rb8 14. Rxb8 Qxb8 15. Qa4
Qc7 16. c5 Nb8 17. Rb1 O-O 18. Qb3 Kh8 19. Bc4 Nh6 20. Qb7 Qd8 21. cxd6 e6 22.
Qc7 g5 23. Rb7 Nf7 24. Na4 c5 25. Nxc5 Bc6 26. Qxd8  1-0

[Event "31. DSenEM2019 Gruppe 50+"]
[Site "Radebeul"]
[Date "2019.04.26"]
[Round "1.17"]
[White "John, Bernd"]
[Black "Redzepovic, Irfan"]
[Result "0-1"]
[BlackElo "2075"]
[BlackTeam "SW Nürnberg Süd"]
[EventDate "2019.??.??"]
[PlyCount "61"]
[WhiteElo "1796"]
[WhiteTeam "SC Sonthofen"]

1. d4 Nf6 2. Bf4 g6 3. Nc3 Bg7 4. e4 d6 5. Nf3 O-O 6. Be2 a6 7. a4 b6 8. Qd2 c5
9. d5 Re8 10. O-O Bb7 11. Rad1 Nbd7 12. Bh6 Bh8 13. h3 Qc7 14. Rfe1 Rad8 15.
Bg5 Nf8 16. Qf4 N6d7 17. Qh4 Rb8 18. Bh6 Bc8 19. Ng5 c4 20. f4 b5 21. axb5 axb5
22. Bxf8 Nxf8 23. e5 dxe5 24. fxe5 Bxe5 25. Qf2 f5 26. d6 exd6 27. Nd5 Qd8 28.
Nf3 Bxb2 29. Bxc4 bxc4 30. Rxe8 Qxe8 31. Nf6+  0-1

[Event "31. DSenEM2019 Gruppe 50+"]
[Site "Radebeul"]
[Date "2019.04.26"]
[Round "1.18"]
[White "Mueller, Rudolf"]
[Black "Bigott, Martin"]
[Result "0-1"]
[BlackElo "1782"]
[BlackTeam "SF Lohmar"]
[EventDate "2019.??.??"]
[PlyCount "46"]
[WhiteElo "2071"]
[WhiteTeam "Karlsruher SF"]

1. e4 Nf6 2. e5 Nd5 3. d4 d6 4. c4 Nb6 5. exd6 exd6 6. h3 Nc6 7. d5 Ne5 8. f4
Qh4+ 9. Ke2 Bg4+ 10. Nf3 Bxf3+ 11. gxf3 Ng6 12. Qd4 O-O-O 13. Be3 Re8 14. Kd2
Be7 15. Qe4 Bf6 16. Qf5+ Kb8 17. Nc3 h5 18. a4 Bxc3+ 19. bxc3 Rxe3 20. Kxe3
Re8+ 21. Kd3 Qf2 22. Ra2 Re3+ 23. Kd4 Re2+  0-1

[Event "31. DSenEM2019 Gruppe 50+"]
[Site "Radebeul"]
[Date "2019.04.26"]
[Round "1.19"]
[White "Kierzek, Mira"]
[Black "Becker, Michael"]
[Result "0-1"]
[BlackElo "2272"]
[BlackTeam "USV Halle"]
[EventDate "2019.??.??"]
[PlyCount "120"]
[WhiteElo "1978"]
[WhiteTeam "SC Fulda"]

1. d4 Nf6 2. Nf3 c5 3. e3 e6 4. Bd3 Be7 5. O-O O-O 6. b3 b6 7. Bb2 Bb7 8. c4 d5
9. Ne5 Nc6 10. Nxc6 Bxc6 11. Nd2 Rc8 12. Rc1 Bb7 13. dxc5 bxc5 14. Qc2 h6 15.
Rcd1 Qc7 16. Nf3 Nd7 17. cxd5 exd5 18. Bf5 Rfd8 19. Qe2 Qd6 20. Rfe1 g6 21. Bb1
Qe6 22. h3 Bf6 23. Qd2 Bxb2 24. Qxb2 Qf6 25. Qxf6 Nxf6 26. Ne5 Kg7 27. Rc1 Nd7
28. Nxd7 Rxd7 29. Red1 Rdc7 30. Rc3 f5 31. Bd3 Kf6 32. Be2 g5 33. f4 gxf4 34.
exf4 d4 35. Rg3 a5 36. Kf2 Re7 37. Bh5 Rg7 38. Rxg7 Kxg7 39. Be2 Kf6 40. Rc1
Be4 41. Rd1 Rc7 42. g3 Ke6 43. Bc4+ Kd6 44. Rd2 Ra7 45. Bb5 Kd5 46. g4 Rg7 47.
Be2 a4 48. Kg3 axb3 49. axb3 Ra7 50. Bc4+ Kd6 51. g5 hxg5 52. fxg5 Ke5 53. h4
Ra1 54. Rh2 f4+ 55. Kg4 Rg1+ 56. Kh5 f3 57. Ra2 Kf4 58. Ra7 d3 59. Rf7+ Ke3 60.
Re7 d2  0-1

[Event "31. DSenEM2019 Gruppe 50+"]
[Site "Radebeul"]
[Date "2019.04.26"]
[Round "1.20"]
[White "Eilmes, Franco"]
[Black "Schober, Ralf"]
[Result "0-1"]
[BlackElo "2070"]
[BlackTeam "SV Sundern"]
[EventDate "2019.??.??"]
[PlyCount "146"]
[WhiteElo "1778"]
[WhiteTeam "SV Traktor Priestewitz"]

1. e4 d6 2. d3 g6 3. Nd2 Bg7 4. Ngf3 c5 5. g3 Nc6 6. Bg2 Nf6 7. O-O O-O 8. a4
Bd7 9. Re1 e5 10. Nc4 Qc7 11. Nh4 Ne8 12. Ne3 Ne7 13. Bd2 Rb8 14. a5 Qc8 15. b4
Be6 16. c4 f5 17. exf5 gxf5 18. Rb1 f4 19. Nd5 Nxd5 20. cxd5 fxg3 21. hxg3 Bg4
22. Qc2 cxb4 23. Qxc8 Rxc8 24. Rxb4 Rc2 25. Be3 Bc8 26. Bxa7 Bf6 27. Be3 Ra2
28. Rc1 Ng7 29. Bb6 Bd7 30. Be3 Bxh4 31. gxh4 Nf5 32. Rxb7 Bc8 33. Rbc7 Nxe3
34. Rxc8 Nxg2 35. Rxf8+ Kxf8 36. Kxg2 Rxa5 37. Rc8+ Kg7 38. Rc7+ Kg6 39. h5+
Kh6 40. Re7 Rxd5 41. Re6+ Kxh5 42. Re7 Kg6 43. Re6+ Kg5 44. Re7 h6 45. Rg7+ Kf5
46. Rg3 Rd4 47. Kf1 h5 48. Ke2 Rg4 49. Rf3+ Ke6 50. Rh3 h4 51. Ke3 Kf5 52. Rf3+
Rf4 53. Rh3 Kg4 54. Rh1 h3 55. Rg1+ Kf5 56. Rh1 Rh4 57. Kf3 h2 58. Kg3 Rd4 59.
Kxh2 Rxd3 60. Re1 Kf4 61. Kg2 d5 62. Rh1 d4 63. Rh4+ Kf5 64. Rh5+ Ke6 65. Rh8
Ra3 66. Re8+ Kd6 67. Rd8+ Ke7 68. Rb8 e4 69. Kf1 Ra1+ 70. Ke2 Ra2+ 71. Ke1 Kd6
72. Rb5 d3 73. Kf1 Ra1+  0-1

[Event "31. DSenEM2019 Gruppe 50+"]
[Site "Radebeul"]
[Date "2019.04.26"]
[Round "1.21"]
[White "Valet, Richard"]
[Black "Gerks, Joachim"]
[Result "1-0"]
[BlackElo "1777"]
[BlackTeam "SK Norderstedt"]
[EventDate "2019.??.??"]
[PlyCount "53"]
[WhiteElo "2051"]
[WhiteTeam "Greifswalder SV"]

1. e4 c5 2. Nc3 b6 3. g3 Bb7 4. Bg2 f5 5. d3 e5 6. Nf3 fxe4 7. dxe4 d6 8. Nd5 h6
9. Nh4 Nf6 10. Ng6 Rg8 11. h4 Nxd5 12. exd5 Nd7 13. Bh3 Nf6 14. Be6 Qc7 15. c4
Bc8 16. Bxg8 Nxg8 17. g4 Qf7 18. Nxf8 Qxf8 19. Be3 Bd7 20. Qe2 O-O-O 21. O-O-O
g6 22. Rdf1 Re8 23. Rhg1 Re7 24. Qc2 Qg7 25. f4 exf4 26. Bxf4 Kc7 27. Qh2  1-0

[Event "31. DSenEM2019 Gruppe 50+"]
[Site "Radebeul"]
[Date "2019.04.26"]
[Round "1.22"]
[White "Kebbedies, Frank"]
[Black "Bohnstorff, Michael"]
[Result "1/2-1/2"]
[BlackElo "2044"]
[BlackTeam "SC Lüneburg"]
[EventDate "2019.??.??"]
[PlyCount "51"]
[WhiteElo "1740"]
[WhiteTeam "Rastede"]

1. d4 d5 2. c4 c6 3. Nf3 Nf6 4. Nc3 Bf5 5. cxd5 Nxd5 6. Nh4 Nxc3 7. bxc3 Be4 8.
Qb3 Qb6 9. Nf3 Nd7 10. Ng5 Bg6 11. h4 h6 12. Nh3 e6 13. e3 Be7 14. Nf4 Bh7 15.
Bd3 Bxd3 16. Nxd3 Qxb3 17. axb3 O-O 18. Ba3 Rfe8 19. Ke2 a6 20. Bxe7 Rxe7 21.
Ra5 Rae8 22. Ne5 Nxe5 23. Rxe5 f6 24. Ra5 e5 25. Rd1 Kf7 26. d5  1/2-1/2

[Event "31. DSenEM2019 Gruppe 50+"]
[Site "Radebeul"]
[Date "2019.04.26"]
[Round "1.23"]
[White "Wunder, Stefan"]
[Black "Weser, Dietmar"]
[Result "1-0"]
[BlackElo "1566"]
[BlackTeam "SV Traktor Priestewitz"]
[EventDate "2019.??.??"]
[PlyCount "67"]
[WhiteElo "2032"]
[WhiteTeam "FC Nordhalben"]

1. Nf3 Nc6 2. d4 d5 3. g3 e6 4. Bg2 Nf6 5. O-O Be7 6. Nbd2 O-O 7. Re1 Rb8 8. e4
dxe4 9. Nxe4 Nxe4 10. Rxe4 f5 11. Re1 Bf6 12. c3 Kh8 13. h4 Bd7 14. Bf4 Rc8 15.
Qe2 Re8 16. Ng5 Re7 17. Rad1 Qe8 18. Bf3 Bxg5 19. Bxg5 Rf7 20. Bh5 g6 21. Bf3
Kg8 22. d5 Nd8 23. dxe6 Bxe6 24. Bxd8 Rd7 25. Rxd7 Qxd7 26. Qxe6+ Qxe6 27. Rxe6
Rxd8 28. Re7 f4 29. g4 Rd3 30. Kg2 Rd2 31. Rxc7 Rxb2 32. Bd5+ Kh8 33. g5 Rd2
34. Rc8+  1-0